Modeling Simulation & Analysis Of Surface Roughness Effects on Piston Skirt Elastohydynamic Lubrication (EHL) Initial Engine Startups / (Record no. 607410)
[ view plain ]
| 000 -LEADER | |
|---|---|
| fixed length control field | 00628nam a22001577a 4500 |
| 003 - CONTROL NUMBER IDENTIFIER | |
| control field | NUST |
| 082 ## - DEWEY DECIMAL CLASSIFICATION NUMBER | |
| Classification number | 670 |
| 100 ## - MAIN ENTRY--PERSONAL NAME | |
| Personal name | Gulzar, Mubashir |
| 245 ## - TITLE STATEMENT | |
| Title | Modeling Simulation & Analysis Of Surface Roughness Effects on Piston Skirt Elastohydynamic Lubrication (EHL) Initial Engine Startups / |
| Statement of responsibility, etc. | Mubashir Gulzar |
| 264 ## - PRODUCTION, PUBLICATION, DISTRIBUTION, MANUFACTURE, AND COPYRIGHT NOTICE | |
| Place of production, publication, distribution, manufacture | Islamabad : |
| Name of producer, publisher, distributor, manufacturer | SMME- NUST; |
| Date of production, publication, distribution, manufacture, or copyright notice | 2009. |
| 300 ## - PHYSICAL DESCRIPTION | |
| Extent | 128p. ; |
| Other physical details | Soft Copy |
| Dimensions | 30cm. |
| 650 ## - SUBJECT ADDED ENTRY--TOPICAL TERM | |
| Topical term or geographic name entry element | MS Design and Manufacturing Engineering |
| 700 ## - ADDED ENTRY--PERSONAL NAME | |
| Personal name | Supervisor : Prof. Dr. Riaz Ahmed Mufti |
| 856 ## - ELECTRONIC LOCATION AND ACCESS | |
| Uniform Resource Identifier | <a href="http://10.250.8.41:8080/xmlui/handle/123456789/38735">http://10.250.8.41:8080/xmlui/handle/123456789/38735</a> |
| 942 ## - ADDED ENTRY ELEMENTS (KOHA) | |
| Source of classification or shelving scheme | |
| Koha item type | Thesis |
| Withdrawn status | Permanent Location | Current Location | Shelving location | Date acquired | Full call number | Barcode | Koha item type |
|---|---|---|---|---|---|---|---|
| School of Mechanical & Manufacturing Engineering (SMME) | School of Mechanical & Manufacturing Engineering (SMME) | E-Books | 01/16/2024 | 670 | SMME-TH-06 | Thesis |
